| 000 | 00867nam a2200265Ia 4500 | ||
|---|---|---|---|
| 001 | 21645 | ||
| 005 | 20260320113301.0 | ||
| 008 | 260320s9999||||xx |||||||||||||| ||und|| | ||
| 020 | _a9786079356965 | ||
| 041 | _aESP | ||
| 082 |
_a572 _bV81 |
||
| 100 |
_aVoet, Donald, _eAUT |
||
| 245 | 0 |
_aFundamentos de bioquímica : _bla vida a nivel molecular |
|
| 246 |
_a _5 _b |
||
| 250 | _aCuarta edición | ||
| 260 |
_aCiudad de México : _bMédica Panamericana _c2016 |
||
| 300 |
_avarias paginaciones : _bilustraciones, cuadros ; _c27 cm. _e |
||
| 440 |
_a _n _v |
||
| 650 | _aTCA | ||
| 653 | _aBioquímica; Biologia molecular | ||
| 654 | _aCCS | ||
| 700 |
_aVoet, Judith G.; Pratt, Charlotte W., _cAUTS |
||
| 856 |
_uhttps://accessmedicina-mhmedical-com.ucsp.lookproxy.com/ _zVéase además: Base de datos McGraw Hill Access Medicina |
||
| 942 |
_cLIB _dJUS _fMIP _2ddc _n |
||
| 999 |
_c21645 _d21645 |
||